Film/Serie Mal décrits #2 - Statistiques

Statistiques générales
  • Ce quiz a été pris 1 346 fois
  • Le résultat moyen est 8 sur 15
Statistiques - réponses
Hint Réponse % Correct
Un gosse à donner de l'MDMA à ses jouets Toy Story
90%
Un gros devient maitre de kung fu Kung fu Panda
86%
Rambo se met à la boxe Rocky
84%
Une famille de beauf devient très riche Les tuche
83%
Des grands Schtroumpfs violent Avatar
77%
Un écureuil ne mangera jamais son gland L'age de glace
76%
Un mec et sa gadji font plouf Titanic
59%
Un jeune renoi se fait maltraité par un chinois Karate kid
41%
Des ados au lycée sont accros au sexe et à la drogue Elite
37%
Et un petit et un obèse tabasse du rital Astérix et Obélix
35%
Un vieux se fait congeler en sauvant le monde Captain America
35%
Un daron con et alcolo, un fils délinquant, une fille intello, une mère crédule et un bébé plus intelligent que la moyenne Les Simpson
35%
Une meuf devient Zoophile La belle et la bête
33%
Un malade mentale kidnap une meuf pendant 1 ans 365 jours
26%
Un c*n choppe le sida pour pas se faire fumer World War Z
3%
Aucun quiz correspondant
Distribution des résultats
% des personnes avec chaque résultat
Percentile par nombre de réponses
Votre historique - résultats
Vous n’avez pas pris ce quiz